000 00493nam a22001697a 4500
003 BD-ChCU
005 20260430133414.0
008 260430b bg ||||| |||| 00| 0 ben d
040 _cBD-ChCU
082 _aREF 657.4 TOT
100 _aTowles , Martin F.
_922160
245 _aTreasurer's & controller's financial accounting desk book ./
_cMartin F , Towles .
260 _aEnglewood :
_bPrentice - Hall ,
_cC 1980
300 _a353p.
650 0 _aAccounting .
_922162
942 _2ddc
_cBK
_n0
999 _c112559
_d112559